00381nam a2200133 a 450008200150000010000250001524500270004026000590006730000100012650000350013650500280017165000230019970000250022200a297.1bKAM aKamal-Ud-Din, Khwaja aIslam and Civilization aWokingbWoking Muslim Mission and Literary Trustc1931 a146p. aincludes index and biblioraphy2 aacc no 1649 is archives aIslam-Meccan Trade1 aKamal-Ud-Din, Khwaja